The beast : (Record no. 120439)
[ view plain ]
| 000 -LEADER | |
|---|---|
| fixed length control field | 00844mam a2200289 a 4500 |
| 001 - CONTROL NUMBER | |
| control field | 2288207 |
| 003 - CONTROL NUMBER IDENTIFIER | |
| control field | ARRUPE |
| 005 - DATE AND TIME OF LATEST TRANSACTION | |
| control field | 20140424112919.0 |
| 008 - FIXED-LENGTH DATA ELEMENTS--GENERAL INFORMATION | |
| fixed length control field | 971209r19961995nyu 000 0aeng d |
| 020 ## - INTERNATIONAL STANDARD BOOK NUMBER | |
| International Standard Book Number | 0452276950 |
| 035 ## - SYSTEM CONTROL NUMBER | |
| System control number | (OCoLC)34604310 |
| 035 ## - SYSTEM CONTROL NUMBER | |
| System control number | (OCoLC)ocm34604310 |
| 035 ## - SYSTEM CONTROL NUMBER | |
| System control number | (NNC)2288207 |
| 040 ## - CATALOGING SOURCE | |
| Original cataloging agency | VET |
| Transcribing agency | VET |
| Modifying agency | FVC |
| 090 ## - LOCALLY ASSIGNED LC-TYPE CALL NUMBER (OCLC); LOCAL CALL NUMBER (OCLC) | |
| Classification number (OCLC) (R) ; Classification number, CALL (RLIN) (NR) | RC537 |
| Local cutter number (OCLC) ; Book number/undivided call number, CALL (RLIN) | .T48 1996 |
| 092 ## - LOCALLY ASSIGNED DEWEY CALL NUMBER (OCLC) | |
| Classification number | 616.852 |
| 096 ## - LOCALLY ASSIGNED NLM-TYPE CALL NUMBER (OCLC) | |
| Classification number | WM 171 T477 1996 |
| 300 ## - PHYSICAL DESCRIPTION | |
| Dimensions | 25 cm. |
| 100 1# - MAIN ENTRY--PERSONAL NAME | |
| Personal name | Thompson, Tracy. |
| 9 (RLIN) | 9977 |
| 245 14 - TITLE STATEMENT | |
| Title | The beast : |
| Remainder of title | a journey through depression / |
| Statement of responsibility, etc | Tracy Thompson. |
| 260 ## - PUBLICATION, DISTRIBUTION, ETC. (IMPRINT) | |
| Place of publication, distribution, etc | New York : |
| Name of publisher, distributor, etc | Plume, |
| Date of publication, distribution, etc | [1996] |
| 300 ## - PHYSICAL DESCRIPTION | |
| Extent | 288 p. ; |
| 500 ## - GENERAL NOTE | |
| General note | Originally published: New York : G.P. Putnam's Sons, c1995. |
| 600 10 - SUBJECT ADDED ENTRY--PERSONAL NAME | |
| Personal name | Thompson, Tracy. |
| 9 (RLIN) | 9978 |
| 650 #2 - SUBJECT ADDED ENTRY--TOPICAL TERM | |
| Topical term or geographic name as entry element | Depressive Disorder |
| Form subdivision | Personal Narratives. |
| 9 (RLIN) | 9979 |
| 942 ## - ADDED ENTRY ELEMENTS (KOHA) | |
| Source of classification or shelving scheme | Library of Congress Classification |
| Koha item type | Monograph ( Printed materials) |
| Withdrawn status | Lost status | Source of classification or shelving scheme | Damaged status | Not for loan | Collection code | Home library | Current library | Shelving location | Date acquired | Total Checkouts | Full call number | Barcode | Date last seen | Price effective from | Koha item type |
|---|---|---|---|---|---|---|---|---|---|---|---|---|---|---|---|
| Library of Congress Classification | Main Collection | ARRUPE LIBRARY | ARRUPE LIBRARY | Main Collection | 24/04/2014 | RC537.T48 1995 | 46500001633 | 11/09/2019 | 24/04/2014 | Monograph ( Printed materials) |